LEADER 01043nam 2200301Ia 450 001 996388904903316 005 20221102113318.0 035 $a(CKB)1000000000644936 035 $a(EEBO)2240875568 035 $a(OCoLC)11612055 035 $a(EXLCZ)991000000000644936 100 $a19850123d1695 uy | 101 0 $aeng 135 $aurbn||||a|bb| 200 03$aAn Account of the sorts and numbers of ships and vessels now building for His Majesty$b[electronic resource] $eadded to His Royal Navy, cleaned and refitted yearly, rebuilt and repair'd, kept in sea-pay since this war. .. 210 $a[London? $cs.n.]$d1695 215 $a4 p 300 $aPlace of publication from Wing. 300 $aReproduction of original in Harvard University Libraries. 330 $aeebo-0062 801 0$bEAA 801 1$bEAA 801 2$bUMI 801 2$bWaOLN 906 $aBOOK 912 $a996388904903316 996 $aAn Account of the sorts and numbers of ships and vessels now building for His Majesty$92370773 997 $aUNISA LEADER 00897nam a22002411i 4500 001 991000950999707536 005 20021114144534.0 008 021107s1972 it a||||||||||||||||ita 035 $ab12078591-39ule_inst 035 $aARCHE-016839$9ExL 040 $aDip.to Filologia Ling. e Lett.$bita$cA.t.i. Arché s.c.r.l. Pandora Sicilia s.r.l. 082 04$a001.2094 245 00$a'Nferta napoletana 1973 /$ca cura di Antonio Altamura 260 $aNapoli :$bF. Fiorentino,$c1972 300 $a331 p. :$bill. ;$c22 cm 650 4$aNapoli$xAneddoti 700 1 $aAltamura, Antonio 907 $a.b12078591$b02-04-14$c01-04-03 912 $a991000950999707536 945 $aLE008 FL.M. (f.r.) IV 95$g1$i2008000492458$lle008$o-$pE0.00$q-$rl$s- $t0$u1$v0$w1$x0$y.i12377168$z01-04-03 996 $aNferta napoletana 1973$9138572 997 $aUNISALENTO 998 $ale008$b01-04-03$cm$da $e-$fita$git $h0$i1